Ever changing past: why all history is revisionist history (Record no. 1226213)

MARC details
000 -LEADER
fixed length control field 00611nam a2200217Ia 4500
005 - DATE AND TIME OF LATEST TRANSACTION
control field 20241129105833.0
008 - FIXED-LENGTH DATA ELEMENTS--GENERAL INFORMATION
fixed length control field 241129s9999||||xx |||||||||||||| ||und||
020 ## - INTERNATIONAL STANDARD BOOK NUMBER
International Standard Book Number 978-0-300-23845-7
037 ## - SOURCE OF ACQUISITION
Stock number TB
040 ## - CATALOGING SOURCE
Original cataloging agency ARTS
Language of cataloging eng
Transcribing agency ARTS
041 ## - LANGUAGE CODE
Language code of text/sound track or separate title eng
Source of code eng
084 ## - COLON CLASSIFICATION NUMBER
Classification number Vv R1
Assigning agency ARTS
100 ## - MAIN ENTRY--PERSONAL NAME
Personal name Banner James M. Au.
9 (RLIN) 726462
245 #0 - TITLE STATEMENT
Title Ever changing past: why all history is revisionist history
Statement of responsibility, etc. Banner James M. Au.
260 ## - PUBLICATION, DISTRIBUTION, ETC.
Place of publication, distribution, etc. UK
Name of publisher, distributor, etc. Yale University Press
Date of publication, distribution, etc. 2020
300 ## - PHYSICAL DESCRIPTION
Extent xi,284p.
365 ## - TRADE PRICE
Price type code USD
Price amount 28
650 ## - SUBJECT ADDED ENTRY--TOPICAL TERM
Topical term or geographic name entry element Historiography
942 ## - ADDED ENTRY ELEMENTS (KOHA)
Koha item type Textbook
Classification part Vv R1
Holdings
Withdrawn status Lost status Damaged status Not for loan Home library Current library Date acquired Source of acquisition Cost, normal purchase price Inventory number Total Checkouts Full call number Barcode Date last seen Price effective from Koha item type
        Arts Library Arts Library 2024-11-29 Elite Publishers Distributors 28.00 14718 & 31/01/2023   Vv R1 AL1667246 2024-11-29 2024-11-29 Textbook
Copyright @ Delhi University Library System